The case of the honourable Fytton Gerard Esq; returned to serve in Parliament for the borough of Clitheroe, : against John Weddall Esq; appointed to be heard on the 15th day of this instant January.

Bibliographic Details
Other Authors: Macclesfield, Fitton Gerard, Earl of, 1664 or 5-1702
Format: eBook
Language:English
Published: [London : publisher not identified, 1694]
Series:Early English books online.
Subjects:
Online Access:Connect to the full text of this electronic book

MARC

Tag First Indicator Second Indicator Subfields
LEADER 00000nam a2200000Ia 4500
001 in00004322321
005 20200812090926.0
006 m g d
007 cr bn |||a|bb|
008 030509s1694 enk o 000 0 eng d
035 |a (OCoLC)52211950 
040 |a EAE  |c EAE  |e dcrb 
037 |a CL0037000118  |b ProQuest Information and Learning. 300 N. Zeeb Rd., Ann Arbor, MI 48106 
043 |a e-uk-en 
090 |a KD4381  |b .G47 1694 
049 |a UMIA 
245 0 4 |a The case of the honourable Fytton Gerard Esq; returned to serve in Parliament for the borough of Clitheroe, :  |b against John Weddall Esq; appointed to be heard on the 15th day of this instant January. 
260 |a [London :  |b publisher not identified,  |c 1694] 
300 |a 1 online resource (1 sheet ([1] pages) 
336 |a text  |b txt  |2 rdacontent 
337 |a computer  |b c  |2 rdamedia 
338 |a online resource  |b cr  |2 rdacarrier 
500 |a Caption title. 
500 |a Publication data suggested by Wing. 
500 |a Reproduction of the original in the Lincoln's Inn Library. 
510 4 |a Wing (2nd edition)  |c C1088 
533 |a Electronic reproduction.  |b Ann Arbor, Mich. :  |c UMI,  |d 1999-  |f (Early English books online)  |n Digital version of: (Early English Books, 1641-1700 ; 2739:30)  |7 s1999 miun s 
600 1 0 |a Macclesfield, Fitton Gerard,  |c Earl of,  |d 1664 or 5-1702  |x Trials, litigation, etc. 
600 1 0 |a Weddell, John,  |d 1652 or 3-1703  |x Trials, litigation, etc. 
610 1 0 |a England and Wales.  |b Parliament.  |b House of Commons  |x Contested elections  |v Early works to 1800. 
650 0 |a Elections  |x Corrupt practices  |z England  |z Clitheroe  |v Early works to 1800. 
651 0 |a Clitheroe (England)  |x Politics and government  |y 17th century  |v Early works to 1800. 
655 7 |a Broadsides  |z England  |y 17th century.  |2 rbgenr 
700 1 |a Macclesfield, Fitton Gerard,  |c Earl of,  |d  1664 or 5-1702. 
830 0 |a Early English books online. 
856 4 0 |u http://proxy.library.tamu.edu/login?url=https://search.proquest.com/docview/2240860495  |z Connect to the full text of this electronic book  |t 0 
999 f f |s ad253e5d-d5ec-3a77-ab36-3d29644b289e  |i 4076d1ab-36f0-3a04-b232-d317c4c2b967  |t 0 
952 f f |a Texas A&M University  |b College Station  |c Electronic Resources  |d Available Online  |t 0  |e KD4381 .G47 1694  |h Library of Congress classification 
998 f f |a KD4381 .G47 1694  |t 0  |l Available Online